Normal view MARC view
  • BAUHAUS -

Entry Nombre Corporativo

Number of records used in: 1

001 - NÚMERO DE CONTROL

  • campo de control: 3388

003 - IDENTIFICADOR DE NUMERO DE CONTROL

  • campo de control: UPN

005 - FECHA Y HORA DE LA ÜLTIMA TRANSACCIÓN

  • campo de control: 20210219193631.0

008 - DATOS DE LONGITUD FIJA

  • campo de control de longitud fija: nabaccnnaabn|||||||||| b |nc|||||d

035 ## - NÚMERO DE CONTROL

  • Número de control: UPN10000003388

040 ## - FUENTE DE CATALOGACIÓN

  • Lenguaje de catalogación: SPA
  • Agencia transcribe: UPN

053 #4 - NÚMERO DE CLASIFICACIÓN LC

  • Classification number element--single number or beginning number of span: N332 G3.3

110 2# - ENCABEZAMIENTO - NOMBRE CORPORATIVO

  • Nombre corporativo o de jurisdicción como elemento de entrada : BAUHAUS -
  • Subdivisión temática general: HISTORIA

670 ## - FUENTE EN LA QUE SE LOCALIZARON DATOS

  • Cita de la fuente : LC
  • Información localizada: Bauhaus - History

902 ## - CATALOGADOR

  • Catalogador: MMA/131103